Design of concrete structures (Record no. 3628)

000 -LEADER
fixed length control field 00663nam a2200229 a 4500
001 - CONTROL NUMBER
control field 3628
003 - CONTROL NUMBER IDENTIFIER
control field BD-DhUET
008 - FIXED-LENGTH DATA ELEMENTS--GENERAL INFORMATION
fixed length control field 850621s1985 enka b 101 0 eng
020 ## - INTERNATIONAL STANDARD BOOK NUMBER
International Standard Book Number 007Y665486
040 ## - CATALOGING SOURCE
Original cataloging agency DLC
Transcribing agency DLC
Modifying agency BD-DhUET
082 00 - DEWEY DECIMAL CLASSIFICATION NUMBER
Classification number 624.183
Item number NIL/1986
100 ## - MAIN ENTRY--PERSONAL NAME
Personal name Nilson, Arthur H.
245 00 - TITLE STATEMENT
Title Design of concrete structures
Statement of responsibility, etc. by Arthur H. Nilson and George Winter
250 ## - EDITION STATEMENT
Edition statement 10th ed.
260 ## - PUBLICATION, DISTRIBUTION, ETC. (IMPRINT)
Place of publication, distribution, etc. New York:
Name of publisher, distributor, etc. McGraw Hill Book Company,
Date of publication, distribution, etc. 1986.
300 ## - PHYSICAL DESCRIPTION
Extent xi, 380 p. :
Other physical details ill. ;
Dimensions 23 cm.
490 ## - SERIES STATEMENT
Series statement Civil engineering series
504 ## - BIBLIOGRAPHY, ETC. NOTE
Bibliography, etc Includes bibliographies
650 #0 - SUBJECT ADDED ENTRY--TOPICAL TERM
Topical term or geographic name as entry element Reinforced concrete
700 ## - ADDED ENTRY--PERSONAL NAME
Personal name Winter, George
942 ## - ADDED ENTRY ELEMENTS (KOHA)
Koha item type General Book
Holdings
Lost status Koha issues (times borrowed) Price effective from Copy number Damaged status Koha normalized classification for sorting Source of classification or shelving scheme Koha date last seen Shelving location Koha out on loan Piece designation (barcode) Location (home branch) Withdrawn status Koha full call number Not for loan Date acquired Koha renewals Koha date last borrowed Koha item type Sublocation or collection (holding branch)
 62014-11-021 624_000000000000000_183NIL1986 2026-02-23Circulation section2027-02-2377873Central Library, BUET 624.183/NIL/1986 2014-11-0212026-02-23General BookCentral Library, BUET
  2024-12-04১০/ক-১ 624_183000000000000_NIL_1986 2024-12-04Rental section 77816Central Library, BUET 624.183 NIL/1986 1990-10-23  Rental ItemCentral Library, BUET
  2024-12-04১০/ক-২ 624_183000000000000_NIL_1986 2024-12-04Rental section 77817Central Library, BUET 624.183 NIL/1986 1990-10-23  Rental ItemCentral Library, BUET
  2024-12-04১০/ক-৩ 624_183000000000000_NIL_1986 2024-12-04Rental section 77818Central Library, BUET 624.183 NIL/1986 1990-10-23  Rental ItemCentral Library, BUET
  2024-12-04১০/ক-৪ 624_183000000000000_NIL_1986 2024-12-04Rental section 77819Central Library, BUET 624.183 NIL/1986 1990-10-23  Rental ItemCentral Library, BUET
  2024-12-04১০/ক-৫ 624_183000000000000_NIL_1986 2024-12-04Rental section 77820Central Library, BUET 624.183 NIL/1986 1990-10-23  Rental ItemCentral Library, BUET
  2024-12-04১০/ক-৬ 624_183000000000000_NIL_1986 2024-12-04Rental section 77821Central Library, BUET 624.183 NIL/1986 1990-10-23  Rental ItemCentral Library, BUET
  2024-12-04১০/ক-৭ 624_183000000000000_NIL_1986 2024-12-04Rental section 77822Central Library, BUET 624.183 NIL/1986 1990-10-23  Rental ItemCentral Library, BUET
  2024-12-04১০/ক-৮ 624_183000000000000_NIL_1986 2024-12-04Rental section 77823Central Library, BUET 624.183 NIL/1986 1990-10-23  Rental ItemCentral Library, BUET
  2024-12-04১০/ক-৯ 624_183000000000000_NIL_1986 2024-12-04Rental section 77824Central Library, BUET 624.183 NIL/1986 1990-10-23  Rental ItemCentral Library, BUET
  2024-12-04১০/ক-১০ 624_183000000000000_NIL_1986 2024-12-04Rental section 77825Central Library, BUET 624.183 NIL/1986 1990-10-23  Rental ItemCentral Library, BUET
  2024-12-04১০/ক-১১ 624_183000000000000_NIL_1986 2024-12-04Rental section 77826Central Library, BUET 624.183 NIL/1986 1990-10-23  Rental ItemCentral Library, BUET
  2024-12-04১০/ক-১২ 624_183000000000000_NIL_1986 2024-12-04Rental section 77827Central Library, BUET 624.183 NIL/1986 1990-10-23  Rental ItemCentral Library, BUET
  2024-12-04১০/ক-১৩ 624_183000000000000_NIL_1986 2024-12-04Rental section 77828Central Library, BUET 624.183 NIL/1986 1990-10-23  Rental ItemCentral Library, BUET
  2024-12-04১০/ক-১৪ 624_183000000000000_NIL_1986 2024-12-04Rental section 77829Central Library, BUET 624.183 NIL/1986 1990-10-23  Rental ItemCentral Library, BUET
  2024-12-04১০/ক-১৫ 624_183000000000000_NIL_1986 2024-12-04Rental section 77830Central Library, BUET 624.183 NIL/1986 1990-10-23  Rental ItemCentral Library, BUET
  2024-12-04১০/ক-১৬ 624_183000000000000_NIL_1986 2024-12-04Rental section 77831Central Library, BUET 624.183 NIL/1986 1990-10-23  Rental ItemCentral Library, BUET
  2024-12-04১০/ক-১৭ 624_183000000000000_NIL_1986 2024-12-04Rental section 77832Central Library, BUET 624.183 NIL/1986 1990-10-23  Rental ItemCentral Library, BUET
  2024-12-04১০/ক-১৮ 624_183000000000000_NIL_1986 2024-12-04Rental section 77833Central Library, BUET 624.183 NIL/1986 1990-10-23  Rental ItemCentral Library, BUET
  2024-12-04১০/ক-১৯ 624_183000000000000_NIL_1986 2024-12-04Rental section 77834Central Library, BUET 624.183 NIL/1986 1990-10-23  Rental ItemCentral Library, BUET
  2024-12-04১০/ক-২০ 624_183000000000000_NIL_1986 2024-12-04Rental section 77835Central Library, BUET 624.183 NIL/1986 1990-10-23  Rental ItemCentral Library, BUET